Loading...
AROMATIC SUBSTITUTION: NITRATION AND HALOGENATION
| Main Author: | |
|---|---|
| Format: | Printed Book |
| Published: |
LONDON
BUTTERWORTHS
1959
|
| Subjects: |
| LEADER | 00602nam a2200181 4500 | ||
|---|---|---|---|
| 020 | |c 37.75 | ||
| 082 | |a 547.6 MAR | ||
| 100 | |a MARE LADE P B D AND RIDD J H | ||
| 245 | |a AROMATIC SUBSTITUTION: NITRATION AND HALOGENATION |h ENGLISH | ||
| 250 | |||
| 260 | |a LONDON |b BUTTERWORTHS |c 1959 | ||
| 300 | |a 252 |f HB | ||
| 500 | |a | ||
| 590 | |d | ||
| 650 | |a AROMATIC SUBSTITUTION-- NITRATION AND HALOGENATION | ||
| 942 | |c BK | ||
| 999 | |c 118789 |d 118789 | ||
| 952 | |0 3 |1 0 |2 ddc |4 0 |6 547_600000000000000_MAR |7 0 |9 132255 |a CHE |b CHE |g 37.75 |l 0 |o 547.6 MAR |p CHE96 |r 2019-10-15 |w 2019-10-15 |y BK | ||